Miembros de Pink Floyd - Estadísticas

Estadísticas generales
  • Esta prueba ha sido intentada 9 veces
  • La puntuación promedio es 4 de 6
Estadísticas de respuestas
Actividad Respuesta % Correcto
1968-actualidad David Gilmour
89%
1965-1985 Roger Waters
89%
1965-1968 Syd Barret
89%
1965-actualidad Nick Mason
67%
1965-1981 1987-1995 Rick Wright
56%
1965-1966 Bob Klose
11%
No se encontraron pruebas coincidentes
Distribución de puntuación
Porcentaje de gente con cada puntuación
Porcentaje por número respondido
Historial de tus puntuaciones
No has intentado esta prueba.